| 000 | 00590nam a22001697a 4500 | ||
|---|---|---|---|
| 020 | _qHard cover. | ||
| 082 | _a330 | ||
| 245 |
_aRole of Mother’s Education and Health in Child Stunting in Pakistan / _cSarin Ishaque. Junaid ul Mulk and Ume Salama Rizwan. |
||
| 260 |
_aIslamabad: _bS3H - NUST, _c2019. |
||
| 300 |
_a69 p. : _bill. ; _c30cm. |
||
| 563 | _aHB | ||
| 650 |
_aEconomics BS-Project Report. _927430 |
||
| 700 |
_aDr. Ather Maqsood _927432 |
||
| 856 | _uhttp://10.250.8.41:8080/xmlui/handle/123456789/5387 | ||
| 942 |
_2ddc _cPR |
||
| 999 |
_c533501 _d533501 |
||